000 03843cam a2200325 i 4500
001 21346854
005 20230717120056.0
008 191221s2020 onca b 001 0 eng
010 _a 2019042423
020 _a9781771888110
040 _aLBSOR/DLC
_beng
_cDLC
_erda
_dDLC
042 _apcc
050 0 0 _aSD 387.E58 2020
082 0 0 _a333.75
_223
245 0 0 _aEnvironmental and sustainable development through forestry and other resources /
_cedited by Arnab Banerjee, Manoj Kumar Jhariya, Dhiraj Kumar Yadav, Abhishek Raj.
300 _axxii, 400 pages :
_billustrations (some color) ;
_c24 cm
504 _aIncludes bibliographical references and index.
505 0 _aForests for resource management and environmental protection / Abhishek Raj, M.K. Jhariya, D.K. Yadav, and A. Banerjee -- Agroforestry systems in the hills and their ecosystem services / Abhishek Raj, M.K. Jhariya, D.K. Yadav, and A. Banerjee -- Multifunctional role of legumes in agroforestry / Abhishek Raj, M.K. Jhariya, A. Banerjee, and D.K. Yadav -- Multifunctional pastures for livestock management and climate change mitigation / Abhishek Raj, M.K. Jhariya, D.K. Yadav, and A. Banerjee -- Role of higher plants for air pollution mitigation in urban industrial areas / Shiboram Banerjee and Debnath Palit -- The uses and benefits of sludge and ways to protect against its probable harmful effects / Nazir Hussain -- Contributions of pit lakes to the socioeconomic status : a case study of the Raniganj Coal Field Area / Debnath Palit and Anjan Ray Chaudhury -- Chlorine status and drinking water quality monitoring within a public distribution system of Kollam District / Anila George -- Effect of environmental pollution on health and its prevention : an overview / Pallavi Chattopadhyay, Pinaki Chattopadhyay, and Debnath Palit -- Innovative approach to sustainable development and biodiversity conservation / Pinaki Chattopadhyay, Pallavi Chattopadhyay, and Debnath Palit -- Prospects of biotechnology for a sustainable environment / Saikat Mondal and Debnath Palit -- Technological assessment of sewage treatment plants / Harshita Jain, Renu Dhupper, Vishal Gandhi, and Geetanjali Kaushik.
520 _a"This book, Environmental and Sustainable Development Through Forestry and Other Resources, looks at using forestry and several other innovative measures to facilitate environmental sustainability. The volume covers an important selection of research that focuses on scientific applications and trends that aim toward enhancing sustainable development in the environment. Chapters discuss such diverse topics as using agroforestry for resource management, employing legumes in agroforestry, livestock management for climate change mitigation, introducing higher plants for air pollution mitigation in urban industrial areas, the uses and benefits of sludge, technological assessment of sewage treatment plants, and much more. This book will be a helpful and informative reference for the those in the disciplines of forestry, agriculture, ecology, and environmental science and will also be a pathway to addressing new concepts for a sustainable world"--
650 0 _aSustainable forestry.
650 0 _aSustainable development.
700 1 _aBanerjee, Arnab
_c(Professor of environmental science),
_eeditor.
700 1 _aJhariya, Manoj Kumar,
_eeditor.
700 1 _aYadav, Dhiraj Kumar,
_eeditor.
700 1 _aRaj, Abhishek,
_eeditor.
776 0 8 _iOnline version:
_tEnvironmental and sustainable development through forestry and other resources.
_dOakville, ON ; Palm Bay, Florida : Apple Academic Press, [2020]
_z9780429276026
_w(DLC) 2019042424
906 _a7
_bcbc
_corignew
_d1
_eecip
_f20
_gy-gencatlg
942 _2lcc
_cBOOKS
_hSD 387.E58 2020
999 _c31688
_d31688